000 00553nam a22002057a 4500
005 20250301052147.0
008 250301b |||||||| |||| 00| 0 eng d
020 _a9788119679218
040 _aIN-DiNC
_cIN-DiNC
041 _deng
082 _a823.3085
_bNEO
100 _aNeog, Biswajit
_eauthor
245 _aBritish Romantic Literature
_cby Biswajit Neog
250 _a1st ed.
260 _aJorhat:
_bBidya Bhawan,
_c2025.
300 _a284p.
650 _aBritish Romantic Literature
700 _aKakoli Kashyap
_eauthor
942 _2ddc
_cBK
999 _c12100
_d12100